000 00328nam a2200121Ia 4500
008 220216s9999 xx 000 0 und d
100 _aGopalakrishnan K.S.
245 0 _aEnormous potential for road rubberisation
260 _bIndian Rubber and Plastics Age
_c1999
300 _a9-Jul
650 _aRubberized road
942 _cBS
999 _c51206
_d51206